|
|
|
|
| LEADER |
00000nam0a2200000 4500 |
| 001 |
309311 |
| 005 |
20231102002158.0 |
| 020 |
|
|
|a RU
|b 82-95945
|
| 035 |
|
|
|a (RuTPU)RU\TPU\book\334633
|
| 090 |
|
|
|a 309311
|
| 100 |
|
|
|a 20151112d1981 km y0rusy5003 ca
|
| 101 |
0 |
|
|a rus
|
| 102 |
|
|
|a RU
|
| 105 |
|
|
|a a z 101zy
|
| 200 |
1 |
|
|a Новые достижения в области теории и практики противокоррозионной защиты материалов
|e сборник докладов Семинара по коррозии, 14 - 25 ноября 1980 г., Звенигород
|f Академия наук СССР (АН СССР) ; под ред. И. А. Степанова
|
| 210 |
|
|
|a Москва
|c Наука
|d 1981
|
| 215 |
|
|
|a 256 с.
|c ил.
|
| 320 |
|
|
|a Библиогр. в конце докл.
|
| 606 |
1 |
|
|a Металлы
|x Защита от коррозии
|2 stltpush
|3 (RuTPU)RU\TPU\subj\43054
|9 62641
|
| 610 |
1 |
|
|a коррозионно-стойкие стали
|
| 610 |
1 |
|
|a применение
|
| 610 |
1 |
|
|a коррозионно-стойкие сплавы
|
| 610 |
1 |
|
|a ингибиторы
|
| 610 |
1 |
|
|a разработка
|
| 610 |
1 |
|
|a химически стойкие материалы
|
| 610 |
1 |
|
|a лакокрасочные материалы
|
| 610 |
1 |
|
|a полимерные покрытия
|
| 610 |
1 |
|
|a футеровки
|
| 610 |
1 |
|
|a стеклоэмалевые покрытия
|
| 610 |
1 |
|
|a нанесение
|
| 610 |
1 |
|
|a металлические покрытия
|
| 610 |
1 |
|
|a оборудование
|
| 610 |
1 |
|
|a семинары
|
| 610 |
1 |
|
|a Звенигород
|
| 675 |
|
|
|a 669:620.197(063)
|v 3
|
| 702 |
|
1 |
|a Степанов
|b И. А.
|4 340
|
| 712 |
0 |
2 |
|a Академия наук СССР (АН СССР)
|c (Ленинград/Москва)
|c (1925-1991)
|2 stltpush
|3 (RuTPU)RU\TPU\col\722
|
| 712 |
1 |
2 |
|a Новые достижения в области теории и практики противокоррозионной защиты материалов
|c семинар
|e Звенигород
|f 1980
|4 570
|
| 801 |
|
0 |
|a RU
|b RuMRKP
|c 19950704
|g psbo
|
| 801 |
|
1 |
|a RU
|b 63413507
|c 20151112
|
| 801 |
|
2 |
|a RU
|b 63413507
|c 20190725
|g RCR
|
| 942 |
|
|
|c BK
|